50 años de arquitectura en Andalucía 1936-1986
Guardat en:
| Autors principals: | , , , |
|---|---|
| Format: | Llibre |
| Idioma: | espanyol |
| Publicat: |
Sevilla
Junta de Andalucía. Consejería de Obras Públicas y Transportes
1986
|
| Matèries: | |
| Etiquetes: |
Afegir etiqueta
Sense etiquetes, Sigues el primer a etiquetar aquest registre!
|
MARC
| LEADER | 00000nam a2200000 a 4500 | ||
|---|---|---|---|
| 001 | UCV8196 | ||
| 003 | CL-VaPUC | ||
| 008 | 901022e19860000SP |||||||||||||||||spa|d | ||
| 082 | 0 | 4 | |a 720.946 |b PER |2 21 |
| 100 | 0 | |a Pérez Escalano, Víctor |e author |9 302266 | |
| 700 | 0 | |a Pérez Cano, María Teresa |e author |9 302267 | |
| 700 | 0 | |a Mosquera Adell, Eduardo |e author |9 302268 | |
| 700 | 0 | |a Moreno Pérez, José Ramón |e author |9 302269 | |
| 245 | 1 | 0 | |a 50 años de arquitectura en Andalucía 1936-1986 |
| 300 | |a 328 p | ||
| 942 | |c BK | ||
| 945 | |d 19901022 00:00:00 | ||
| 260 | |a Sevilla |b Junta de Andalucía. Consejería de Obras Públicas y Transportes |c 1986 | ||
| 650 | 0 | |a Arquitectura |9 804558 | |
| 650 | 7 | |a DISEÑOS Y PLANOS |2 CL-VaPUC |9 262672 | |
| 651 | 7 | |a ANDALUCIA |2 CL-VaPUC |9 266221 | |
| 583 | |a last modification |c 20120720 09:56:38 |k Rodrigo Vera | ||
| 999 | |c 213746 |d 213744 | ||
| 952 | |0 0 |1 0 |4 0 |6 720_946000000000000_PER_1986 |7 0 |8 P |9 196426 |a BIBARQ |b BIBARQ |d 2019-11-14 |i 2643197 |o 720.946 PER 1986 |p 2643197 |r 2025-01-20 |w 2019-11-14 |y BK |k ARQ | ||